The 100 Episode Titles Quiz - Statistics

General Stats
  • This quiz has been taken 9 times
  • The average score is 22 of 100
Answer Stats
Hint Answer % Correct
1x1 Pilot
80%
1x3 Earth Kills
40%
1x2 Earth Skills
40%
3x1 Wanheda: Part 1
40%
3x2 Wanheda: Part 2
40%
1x12 We Are Grounders: Part 1
40%
1x13 We Are Grounders: Part 2
40%
5x7 Acceptable Losses
20%
6x12 Adjustment Protocol
20%
4x4 A Lie Guarded
20%
7x10 A Little Sacrifice
20%
7x8 Anaconda
20%
6x11 Ashes to Ashes
20%
7x14 A Sort of Homecoming
20%
3x6 Bitter Harvest
20%
7x13 Blood Giant
20%
2x15 Blood Must Have Blood: Part 1
20%
2x16 Blood Must Have Blood: Part 2
20%
2x14 Bodyguard of Lies
20%
1x7 Contents Under Pressure
20%
2x11 Coup de Grace
20%
5x12 Damocles: Part 1
20%
5x13 Damocles: Part 2
20%
1x8 Day Trip
20%
3x12 Demons
20%
4x10 Die All, Die Merrily
20%
4x9 DNR
20%
4x1 Echoes
20%
5x1 Eden
20%
7x11 Etherea
20%
5x6 Exit Wounds
20%
3x10 Fallen
20%
7x3 False Gods
20%
2x6 Fog of War
20%
7x1 From the Ashes
20%
4x7 Gimme Shelter
20%
4x8 God Complex
20%
3x5 Hakeldama
20%
4x2 Heavy Lies the Crown
20%
7x4 Hesperides
20%
1x6 His Sister's Keeper
20%
5x8 How We Get to Peace
20%
2x5 Human Trials
20%
1x10 I Am Become Death
20%
2x2 Inclement Weather
20%
3x13 Join or Die
20%
2x7 Long into an Abyss
20%
2x4 Many Happy Returns
20%
6x10 Matryoshka
20%
6x6 Memento Mori
20%
1x4 Murphy's Law
20%
7x6 Nakara
20%
6x7 Nevermind
20%
3x11 Nevermore
20%
5x4 Pandora's Box
20%
3x15 Perverse Instantiation: Part 1
20%
3x16 Perverse Instantiation: Part 2
20%
4x13 Praimfaya
20%
2x3 Reapercussions
20%
5x2 Red Queen
20%
3x14 Red Sky at Morning
20%
6x2 Red Sun Rising
20%
2x9 Remember Me
20%
2x13 Resurrection
20%
2x12 Rubicon
20%
6x1 Sanctum
20%
5x5 Shifting Sands
20%
5x9 Sic Semper Tyrannis
20%
5x3 Sleeping Giants
20%
2x8 Spacewalker
20%
3x9 Stealing Fire
20%
2x10 Survival of the Fittest
20%
3x8 Terms and Conditions
20%
2x1 The 48
20%
6x13 The Blood of Sanctum
20%
1x11 The Calm
20%
6x3 The Children of Gabriel
20%
4x12 The Chosen
20%
5x11 The Dark Year
20%
7x15 The Dying of the Light
20%
6x4 The Face Behind the Glass
20%
7x9 The Flock
20%
4x3 The Four Horsemen
20%
7x2 The Garden
20%
6x5 The Gospel of Josephine
20%
7x16 The Last War
20%
6x8 The Old Man and the Anomaly
20%
4x11 The Other Side
20%
7x7 The Queen's Gambit
20%
7x12 The Stranger
20%
4x5 The Tinder Box
20%
5x10 The Warriors Will
20%
3x7 Thirteen
20%
1x5 Twilight's Last Gleaming
20%
1x9 Unity Day
20%
3x4 Watch the Thrones
20%
7x5 Welcome to Bardo
20%
4x6 We Will Rise
20%
6x9 What You Take with You
20%
3x3 Ye Who Enter Here
20%
No matching quizzes found
Score Distribution
Percent of People with Each Score
Percentile by Number Answered
Your Score History
You have not taken this quiz